[Event "Stay Safe Play From Home 238"]
[Site "Emanuel Lasker Arena"]
[Date "2020.06.19"]
[Round "7"]
[White "Weltszmerc"]
[Black "Mepe_Nika"]
[Result "1-0"]
[WhiteElo "2198"]
[BlackElo "2409"]
[Annotator "TA"]
[PlyCount "57"]
[EventDate "2020.06.19"]
[EventType "swiss (blitz)"]

{[%evp 9,57,0,9,-7,-20,-7,-10,-82,-64,-162,3,-77,-66,-56,-18,-45,0,-20,59,62,60,45,136,104,127,114,261,261,1057,264,264,247,254,258,255,253,313,250,430,400,407,416,645,635,1129,1100,29979,29979,5610,953]} 1. d4 c5 2. c4 cxd4 3. Nf3 Nc6 4. Nxd4 g6 5. Nxc6 bxc6 6. Bd2 {A30: Symmetrical English: Double Fianchetto and Hedgehog.} Bg7 7. Bc3 Nf6 8. e4 {[#]} (8. e3 $11 {keeps the balance.}) 8... O-O $1 $17 {[#]} 9. e5 $146 (9. Nd2 $15) ({Predecessor:} 9. Nd2 d5 10. cxd5 cxd5 11. exd5 Nxd5 12. Bxg7 Kxg7 13. Bc4 Bb7 14. O-O Nf4 15. Qg4 {0-1 (28) Gardeta Fuster,A (1751)-Galicek,S (2142) Calvia 2019}) 9... Ne8 $2 ({Better is} 9... Ne4 $19 {Hoping for ...Rb8.} 10. Bd3 Nxc3 11. Nxc3 Bxe5) 10. f4 (10. Bd3 $11) 10... d6 11. Be2 Rb8 12. O-O Bf5 (12... Qc7 $5 {[%cal Rd6e5]} 13. Qd4 dxe5 14. fxe5 Nd6 $15) 13. Kh1 Be4 (13... dxe5 $11 14. Qxd8 Rxd8 15. fxe5 Nc7) 14. Nd2 $36 {[%mdl 2048] White is more active.} Bf5 $1 15. Nf3 d5 ({Black should try} 15... Nc7 $14) 16. cxd5 cxd5 17. Nd4 {Threatens to win with Nc6.} Be4 {Black cannot hold the game after this.} (17... Qd7 $16 {was worth a try.}) 18. Nc6 $1 $18 {[%csl LRa7,LRb8,LRd8][%mdl 64] [#] Double Attack} Qc8 $2 (18... Qc7) 19. Nxb8 $2 (19. Nxe7+ Kh8 20. Nxc8 Rxc8 21. Qa4) 19... Qxb8 20. Bf3 Nc7 21. Bxe4 dxe4 22. Qd4 Qb7 23. Rfe1 f5 $2 (23... e6 24. Qxe4 Nd5) 24. exf6 Bxf6 25. Qxe4 Qb6 (25... Qxe4 $142 26. Rxe4 Nd5 27. Bxf6 Rxf6) 26. Bxf6 exf6 27. Qc4+ Kg7 28. Re7+ {[%mdl 64] Double Attack} Kh6 29. Qxc7 {Accuracy: White = 53%, Black = 24%.} (29. Qc3 $142 Qb5 30. Qxc7) 1-0

[Event "Stay Safe Play From Home 238"]
[Site "Emanuel Lasker Arena"]
[Date "2020.06.19"]
[Round "7"]
[White "Grazie"]
[Black "SoulofWolf"]
[Result "1-0"]
[WhiteElo "1794"]
[BlackElo "2131"]
[Annotator "TA"]
[PlyCount "67"]
[EventDate "2020.06.19"]
[EventType "swiss (blitz)"]

{[%evp 9,67,33,52,0,710,709,712,694,712,710,733,728,818,807,814,806,892,895,1055,1033,2433,2377,2293,2269,2838,2022,29983,2894,29984,1849,1767,1311,1262,1198,1635,1602,29968,2361,2313,2134,2273,2251,2398,2088,29984,29985,29995,29994,29995,29996,29996,29997,29997,29994,29994,29995,29995,29996,29996,2376]} 1. d4 e6 2. c3 d5 3. g3 Bd6 4. Bg2 {[#]} Bd7 $146 ({Predecessor:} 4... c6 5. Qc2 Ne7 6. Nd2 Nd7 7. e4 f6 8. Ngf3 b6 9. O-O Qc7 10. Re1 e5 {1-0 (75) Pitu,F-Baratosi,D (2086) Eforie Nord 2001}) 5. Nf3 c5 6. Bg5 {D00: 1 d4 d5: Unusual lines.} (6. O-O $14) 6... Nc6 $2 {[%mdl 8192]} (6... Qb6 $11) 7. Bxd8 $18 Rxd8 8. dxc5 {White is clearly winning.} Bxc5 9. Nbd2 Bd6 10. O-O f6 11. e4 Nge7 12. exd5 Nxd5 13. Re1 Nde7 14. Ne4 {[%mdl 64] [#] Discovered Attack} Kf7 15. Nxd6+ Kg8 16. Nxb7 Bc8 17. Qb3 Rd7 18. Qxe6+ Kf8 19. Nc5 (19. Ng5 $142 fxg5 20. Bxc6 Rxb7 {[#]} 21. Qe5 $1 {[%mdl 512]} Kf7 22. Bxb7 Re8 23. Bxc8 {[%mdl 64] Pin} Kg8 24. Bf5) 19... Rd5 20. Qxd5 Nxd5 21. Nd4 Nde7 22. Nxc6 Ng6 23. Ne6+ (23. Rad1 $142 Ne5 24. Rd8+ {[%mdl 64] Double Attack} Kf7 25. Rxh8 Bg4 26. Rxe5 fxe5 27. Nxe5+ {[%mdl 64] Double Attack} Ke7 28. Nxg4) 23... Kf7 24. Ned8+ Kf8 25. Bd5 Bd7 26. c4 Bxc6 27. Nxc6 {White mates.} f5 28. Re2 f4 29. Rae1 {[%csl Ge1][%cal Re2e8]} Ne5 30. Rxe5 {[%cal Re5f5]} g6 31. Re8+ Kg7 32. R1e7+ {[%mdl 64] Double Attack} Kh6 33. Rxh8 fxg3 34. Rhxh7+ {White took control after the opening.} 1-0

[Event "Stay Safe Play From Home 238"]
[Site "Emanuel Lasker Arena"]
[Date "2020.06.19"]
[Round "7"]
[White "Bishop91"]
[Black "Broken sword"]
[Result "0-1"]
[WhiteElo "1676"]
[BlackElo "2361"]
[Annotator "NA RC"]
[PlyCount "78"]
[EventDate "2020.06.19"]
[EventType "swiss (blitz)"]

1. e4 {[%emt 0:00:02]} c5 {[%emt 0:00:01]} 2. Nc3 {[%emt 0:00:03]} e6 {[%emt 0:00:00]} 3. d3 {[%emt 0:00:01]} a6 {[%emt 0:00:00]} 4. Nf3 {[%emt 0:00:01]} d5 {[%emt 0:00:00]} 5. exd5 {[%emt 0:00:01]} exd5 {[%emt 0:00:00]} 6. Be2 {[%emt 0:00:01]} Nf6 {[%emt 0:00:01]} 7. O-O {[%emt 0:00:01]} Be7 {[%emt 0:00:00]} 8. Re1 {[%emt 0:00:01]} O-O {[%emt 0:00:00]} 9. Bf1 {[%emt 0:00:01]} Nc6 {[%emt 0:00:00]} 10. Ne2 {[%emt 0:00:01]} Bg4 {[%emt 0:00:01]} 11. Ng3 {[%emt 0:00:00]} Re8 {[%emt 0:00:01]} 12. h3 {[%emt 0:00:01]} Be6 {[%emt 0:00:00]} 13. Ng5 {[%emt 0:00:01]} Bc8 {[%emt 0:00:01]} 14. Bd2 {[%emt 0:00:03]} h6 {[%emt 0:00:00]} 15. Nf3 {[%emt 0:00:01]} Be6 {[%emt 0:00:00]} 16. c3 {[%emt 0:00:02]} d4 {[%emt 0:00:01]} 17. c4 {[%emt 0:00:01]} b5 {[%emt 0:00:00]} 18. b3 {[%emt 0:00:01]} b4 {[%emt 0:00:00]} 19. a3 {[%emt 0:00:01]} a5 {[%emt 0:00:01]} 20. axb4 {[%emt 0:00:00]} axb4 {[%emt 0:00:01]} 21. Rxa8 {[%emt 0:00:02]} Qxa8 {[%emt 0:00:00]} 22. Qa1 {[%emt 0:00:01]} Qb7 {[%emt 0:00:00]} 23. Qb2 {[%emt 0:00:02]} Ra8 {[%emt 0:00:01]} 24. Ra1 {[%emt 0:00:01]} Ra6 {[%emt 0:00:00]} 25. Ne4 {[%emt 0:00:05]} Nxe4 {[%emt 0:00:01]} 26. dxe4 {[%emt 0:00:00]} Qa7 {[%emt 0:00:00]} 27. Rxa6 {[%emt 0:00:02]} Qxa6 {[%emt 0:00:00]} 28. Bd3 {[%emt 0:00:00]} Qa3 {[%emt 0:00:02]} 29. Bc1 {[%emt 0:00:02]} Qa8 {[%emt 0:00:02]} 30. e5 {[%emt 0:00:05]} Qb8 {[%emt 0:00:02]} 31. Be4 {[%emt 0:00:01]} Nxe5 {[%emt 0:00:01]} 32. Nxe5 {[%emt 0:00:01]} Qxe5 {[%emt 0:00:00]} 33. f3 {[%emt 0:00:00]} Bd6 {[%emt 0:00:01]} 34. Qa2 {[%emt 0:00:01]} Qh2+ {[%emt 0:00:01]} 35. Kf2 {[%emt 0:00:01]} Bg3+ {[%emt 0:00:03]} 36. Ke2 {[%emt 0:00:00]} Qxg2+ {[%emt 0:00:01]} 37. Kd1 {[%emt 0:00:00]} Qxa2 {[%emt 0:00:01]} 38. Bb2 {[%emt 0:00:01]} Qxb2 {[%emt 0:00:01]} 39. Bb1 {[%emt 0:00:00]} Bf4 {[%emt 0:00:02] Bishop91 resigns (Lag: Av=0.28s, max=1.1s)} 0-1

[Event "Stay Safe Play From Home 238"]
[Site "Emanuel Lasker Arena"]
[Date "2020.06.19"]
[Round "7"]
[White "Meini"]
[Black "Greblah"]
[Result "0-1"]
[WhiteElo "1582"]
[BlackElo "1878"]
[Annotator "NA RC"]
[PlyCount "114"]
[EventDate "2020.06.19"]
[EventType "swiss (blitz)"]

1. d4 {[%emt 0:00:02]} c6 {[%emt 0:00:00]} 2. Bf4 {[%emt 0:00:02]} d5 {[%emt 0:00:00]} 3. e3 {[%emt 0:00:01]} g6 {[%emt 0:00:00]} 4. Nf3 {[%emt 0:00:00]} Bg7 {[%emt 0:00:00]} 5. h3 {[%emt 0:00:01]} Nf6 {[%emt 0:00:00]} 6. Bd3 {[%emt 0:00:01]} O-O {[%emt 0:00:00]} 7. O-O {[%emt 0:00:01]} Bf5 {[%emt 0:00:01]} 8. c3 {[%emt 0:00:02]} Bxd3 {[%emt 0:00:01]} 9. Qxd3 {[%emt 0:00:01]} Ne4 {[%emt 0:00:00]} 10. Nbd2 {[%emt 0:00:01]} Nxd2 {[%emt 0:00:00]} 11. Nxd2 {[%emt 0:00:02]} Nd7 {[%emt 0:00:00]} 12. e4 {[%emt 0:00:01]} e5 {[%emt 0:00:01]} 13. dxe5 {[%emt 0:00:02]} Nxe5 {[%emt 0:00:01]} 14. Bxe5 {[%emt 0:00:02]} Bxe5 {[%emt 0:00:00]} 15. exd5 {[%emt 0:00:01]} Qxd5 {[%emt 0:00:01]} 16. Qxd5 {[%emt 0:00:01]} cxd5 {[%emt 0:00:00]} 17. Nf3 {[%emt 0:00:01]} Bf6 {[%emt 0:00:01]} 18. Rad1 {[%emt 0:00:01]} Rad8 {[%emt 0:00:00]} 19. Rd3 {[%emt 0:00:01]} Rfe8 {[%emt 0:00:01]} 20. Rfd1 {[%emt 0:00:00]} d4 {[%emt 0:00:01]} 21. Nxd4 {[%emt 0:00:02]} Bxd4 {[%emt 0:00:01]} 22. Rxd4 {[%emt 0:00:01]} Rxd4 {[%emt 0:00:01]} 23. Rxd4 {[%emt 0:00:01]} Re2 {[%emt 0:00:00]} 24. Rb4 {[%emt 0:00:01]} b6 {[%emt 0:00:01]} 25. a4 {[%emt 0:00:01]} Kg7 {[%emt 0:00:01]} 26. Rb5 {[%emt 0:00:01]} Re4 {[%emt 0:00:02]} 27. Kf1 {[%emt 0:00:00]} Rxa4 {[%emt 0:00:01]} 28. b4 {[%emt 0:00:01]} Ra3 {[%emt 0:00:01]} 29. c4 {[%emt 0:00:01]} Rc3 {[%emt 0:00:01]} 30. c5 {[%emt 0:00:01]} bxc5 {[%emt 0:00:01]} 31. bxc5 {[%emt 0:00:05]} Kf6 {[%emt 0:00:01]} 32. Ke2 {[%emt 0:00:01]} Ke6 {[%emt 0:00:02]} 33. Kd2 {[%emt 0:00:02]} Rc4 {[%emt 0:00:01]} 34. Kd3 {[%emt 0:00:01]} Rc1 {[%emt 0:00:01]} 35. Kd4 {[%emt 0:00:01]} Rd1+ {[%emt 0:00:01]} 36. Ke4 {[%emt 0:00:02]} f5+ {[%emt 0:00:01]} 37. Ke3 {[%emt 0:00:02]} Kd5 {[%emt 0:00:01]} 38. Rb7 {[%emt 0:00:01]} a5 {[%emt 0:00:02]} 39. Ra7 {[%emt 0:00:00]} Ra1 {[%emt 0:00:02]} 40. Rxh7 {[%emt 0:00:02]} Kxc5 {[%emt 0:00:01]} 41. Rh6 {[%emt 0:00:00]} a4 {[%emt 0:00:02]} 42. Rxg6 {[%emt 0:00:00]} Kb5 {[%emt 0:00:01]} 43. Rg8 {[%emt 0:00:01]} a3 {[%emt 0:00:01]} 44. Rb8+ {[%emt 0:00:00]} Kc4 {[%emt 0:00:03]} 45. Rc8+ {[%emt 0:00:01]} Kd5 {[%emt 0:00:01]} 46. Rb8 {[%emt 0:00:00]} a2 {[%emt 0:00:01]} 47. Ra8 {[%emt 0:00:00]} Re1+ {[%emt 0:00:01]} 48. Kd2 {[%emt 0:00:02]} a1=Q {[%emt 0:00:01]} 49. Rxa1 {[%emt 0:00:01]} Rxa1 {[%emt 0:00:01]} 50. g4 {[%emt 0:00:00]} Ra2+ {[%emt 0:00:00]} 51. Ke3 {[%emt 0:00:02]} fxg4 {[%emt 0:00:00]} 52. hxg4 {[%emt 0:00:01]} Ke5 {[%emt 0:00:00]} 53. Kf3 {[%emt 0:00:01]} Ra4 {[%emt 0:00:01]} 54. Kg3 {[%emt 0:00:00]} Rf4 {[%emt 0:00:02]} 55. f3 {[%emt 0:00:01]} Rf8 {[%emt 0:00:01]} 56. Kh4 {[%emt 0:00:00]} Kf4 {[%emt 0:00:01]} 57. g5 {[%emt 0:00:01]} Rh8# {[%emt 0:00:01] (Lag: Av=0.25s, max=0.7s)} 0-1

[Event "Stay Safe Play From Home 238"]
[Site "Emanuel Lasker Arena"]
[Date "2020.06.19"]
[Round "7"]
[White "Trotsky"]
[Black "Chase the sun"]
[Result "0-1"]
[WhiteElo "1502"]
[BlackElo "1836"]
[Annotator "NA RC"]
[PlyCount "84"]
[EventDate "2020.06.19"]
[EventType "swiss (blitz)"]

1. d4 {[%emt 0:00:01]} e6 {[%emt 0:00:01]} 2. e3 {[%emt 0:00:00]} f5 {[%emt 0:00:01]} 3. c4 {[%emt 0:00:00]} Nf6 {[%emt 0:00:00]} 4. Nc3 {[%emt 0:00:01]} Bb4 {[%emt 0:00:00]} 5. Bd3 {[%emt 0:00:01]} Bxc3+ {[%emt 0:00:00]} 6. bxc3 {[%emt 0:00:01]} d6 {[%emt 0:00:00]} 7. Qc2 {[%emt 0:00:00]} O-O {[%emt 0:00:01]} 8. Nf3 {[%emt 0:00:01]} Qe8 {[%emt 0:00:00]} 9. Bd2 {[%emt 0:00:01]} g6 {[%emt 0:00:05]} 10. O-O-O {[%emt 0:00:01]} e5 {[%emt 0:00:00]} 11. h4 {[%emt 0:00:01]} e4 {[%emt 0:00:01]} 12. Ng5 {[%emt 0:00:01]} exd3 {[%emt 0:00:01]} 13. Qxd3 {[%emt 0:00:01]} Ne4 {[%emt 0:00:01]} 14. Rdf1 {[%emt 0:00:02]} Bd7 {[%emt 0:00:06]} 15. f3 {[%emt 0:00:01]} Ng3 {[%emt 0:00:01]} 16. h5 {[%emt 0:00:04]} Nxf1 {[%emt 0:00:02]} 17. Rxf1 {[%emt 0:00:02]} Qe7 {[%emt 0:00:03]} 18. f4 {[%emt 0:00:01]} b5 {[%emt 0:00:02]} 19. Rh1 {[%emt 0:00:01]} bxc4 {[%emt 0:00:02]} 20. Qc2 {[%emt 0:00:01]} Bc6 {[%emt 0:00:03]} 21. hxg6 {[%emt 0:00:01]} Be4 {[%emt 0:00:01]} 22. Qd1 {[%emt 0:00:02]} hxg6 {[%emt 0:00:04]} 23. Rh7 {[%emt 0:00:02]} Qxh7 {[%emt 0:00:01]} 24. Nxh7 {[%emt 0:00:02]} Kxh7 {[%emt 0:00:00]} 25. Qh1+ {[%emt 0:00:03]} Kg7 {[%emt 0:00:01]} 26. Qd1 {[%emt 0:00:04]} Nd7 {[%emt 0:00:01]} 27. Qa4 {[%emt 0:00:03]} Nb6 {[%emt 0:00:01]} 28. Qb5 {[%emt 0:00:03]} Nd5 {[%emt 0:00:03]} 29. Qxc4 {[%emt 0:00:01]} Rh8 {[%emt 0:00:01]} 30. Qxc7+ {[%emt 0:00:01]} Kh6 {[%emt 0:00:05]} 31. c4 {[%emt 0:00:01]} Kh5 {[%emt 0:00:01]} 32. Qxd6 {[%emt 0:00:01]} Kg4 {[%emt 0:00:01]} 33. cxd5 {[%emt 0:00:00]} Rh1+ {[%emt 0:00:02]} 34. Kb2 {[%emt 0:00:05]} g5 {[%emt 0:00:00]} 35. Qa3 {[%emt 0:00:02]} Rb1+ {[%emt 0:00:01]} 36. Kc3 {[%emt 0:00:01]} Rc8+ {[%emt 0:00:00]} 37. Qc5 {[%emt 0:00:03]} Rxc5+ {[%emt 0:00:01]} 38. dxc5 {[%emt 0:00:01]} Bxd5 {[%emt 0:00:00]} 39. Kd4 {[%emt 0:00:01]} Bc6 {[%emt 0:00:00]} 40. Ke5 {[%emt 0:00:02]} Rb7 {[%emt 0:00:00]} 41. Kd6 {[%emt 0:00:01]} Rd7+ {[%emt 0:00:01]} 42. Ke6 {[%emt 0:00:02]} Rxd2 {[%emt 0:00:00] Âðåìÿ (Lag: Av=0.39s, max=0.7s)} 0-1

[Event "Stay Safe Play From Home 238"]
[Site "Emanuel Lasker Arena"]
[Date "2020.06.19"]
[Round "7"]
[White "Germanicus G"]
[Black "Klasman"]
[Result "1-0"]
[WhiteElo "1298"]
[BlackElo "1241"]
[Annotator "NA RC"]
[PlyCount "49"]
[EventDate "2020.06.19"]
[EventType "swiss (blitz)"]

1. g3 {[%emt 0:00:01]} f5 {[%emt 0:00:01]} 2. Bg2 {[%emt 0:00:00]} e5 {[%emt 0:00:01]} 3. e3 {[%emt 0:00:00]} d5 {[%emt 0:00:01]} 4. d4 {[%emt 0:00:00]} e4 {[%emt 0:00:01]} 5. Ne2 {[%emt 0:00:01]} c5 {[%emt 0:00:01]} 6. Nd2 {[%emt 0:00:00]} Nc6 {[%emt 0:00:01]} 7. dxc5 {[%emt 0:00:01]} Bxc5 {[%emt 0:00:02]} 8. O-O {[%emt 0:00:00]} Nf6 {[%emt 0:00:02]} 9. b3 {[%emt 0:00:00]} O-O {[%emt 0:00:01]} 10. Bb2 {[%emt 0:00:00]} Be6 {[%emt 0:00:01]} 11. c3 {[%emt 0:00:03]} Rc8 {[%emt 0:00:01]} 12. Nd4 {[%emt 0:00:00]} Bxd4 {[%emt 0:00:02]} 13. cxd4 {[%emt 0:00:01]} Nb4 {[%emt 0:00:03]} 14. Ba3 {[%emt 0:00:01]} Nd3 {[%emt 0:00:02]} 15. Bxf8 {[%emt 0:00:03]} Qxf8 {[%emt 0:00:01]} 16. f3 {[%emt 0:00:07]} Qf7 {[%emt 0:00:03]} 17. fxe4 {[%emt 0:00:01]} fxe4 {[%emt 0:00:03]} 18. Qe2 {[%emt 0:00:05]} Qg6 {[%emt 0:00:04]} 19. b4 {[%emt 0:00:03]} Bg4 {[%emt 0:00:01]} 20. Bf3 {[%emt 0:00:08]} exf3 {[%emt 0:00:04]} 21. Nxf3 {[%emt 0:00:01]} Ne4 {[%emt 0:00:04]} 22. Qxd3 {[%emt 0:00:05]} Rc3 {[%emt 0:00:03]} 23. Qb5 {[%emt 0:00:03]} Rxe3 {[%emt 0:00:07]} 24. Qxd5+ {[%emt 0:00:02]} Qf7 {[%emt 0:00:09]} 25. Qxf7+ {[%emt 0:00:03] Time} 1-0

[Event "Stay Safe Play From Home 238"]
[Site "Emanuel Lasker Arena"]
[Date "2020.06.19"]
[Round "7"]
[White "Mandy"]
[Black "Robk"]
[Result "0-1"]
[WhiteElo "1000"]
[BlackElo "1622"]
[Annotator "NA RC"]
[PlyCount "38"]
[EventDate "2020.06.19"]
[EventType "swiss (blitz)"]

1. d4 {[%emt 0:00:03]} d5 {[%emt 0:00:03]} 2. Bf4 {[%emt 0:00:02]} Bf5 {[%emt 0:00:02]} 3. e3 {[%emt 0:00:02]} e6 {[%emt 0:00:01]} 4. Bd3 {[%emt 0:00:01]} Bxd3 {[%emt 0:00:02]} 5. Qxd3 {[%emt 0:00:02]} Bd6 {[%emt 0:00:01]} 6. Bg3 {[%emt 0:00:05]} Nf6 {[%emt 0:00:01]} 7. c3 {[%emt 0:00:03]} h6 {[%emt 0:00:02]} 8. Nd2 {[%emt 0:00:01]} Nbd7 {[%emt 0:00:03]} 9. Ngf3 {[%emt 0:00:01]} h5 {[%emt 0:00:05]} 10. h3 {[%emt 0:00:00]} h4 {[%emt 0:00:01]} 11. Bxd6 {[%emt 0:00:04]} cxd6 {[%emt 0:00:02]} 12. O-O {[%emt 0:00:03]} Ne4 {[%emt 0:00:06]} 13. Qe2 {[%emt 0:00:05]} Nxd2 {[%emt 0:00:02]} 14. Qxd2 {[%emt 0:00:03]} f6 {[%emt 0:00:02]} 15. Rad1 {[%emt 0:00:08]} g5 {[%emt 0:00:03]} 16. c4 {[%emt 0:00:05]} dxc4 {[%emt 0:00:02]} 17. Rc1 {[%emt 0:00:06]} b5 {[%emt 0:00:02]} 18. b3 {[%emt 0:00:02]} cxb3 {[%emt 0:00:02]} 19. axb3 {[%emt 0:00:02]} Rc8 {[%emt 0:00:01] Zeit (Lag: Av=0.49s, max=0.6s)} 0-1

[Event "Stay Safe Play From Home 238"]
[Site "Emanuel Lasker Arena"]
[Date "2020.06.19"]
[Round "8"]
[White "Mepe_Nika"]
[Black "Grazie"]
[Result "1-0"]
[WhiteElo "2383"]
[BlackElo "1824"]
[Annotator "TA"]
[PlyCount "109"]
[EventDate "2020.06.19"]
[EventType "swiss (blitz)"]

{[%evp 9,109,8,38,25,47,33,58,57,59,49,59,14,6,0,22,0,0,-8,0,0,0,0,10,4,12,7,4,6,6,9,10,10,43,37,61,61,48,54,99,37,58,35,33,24,62,47,116,33,110,48,52,-94,-98,-101,333,316,830,810,1535,1555,2247,2232,2547,2229,29976,29972,29980,29981,29980,6207,29981,29982,29982,29983,29983,29983,29983,29984,29985,29985,29985,29986,29986,29987,29987,29988,29988,29989,29991,29992,29992,29992,29992,29992,29995,29991,29994,29990,29995,29991,29992,29992]} 1. d4 e6 2. Bf4 d5 3. e3 Bd6 4. Bxd6 Qxd6 5. c4 dxc4 6. Nc3 {D00: 1 d4 d5: Unusual lines.} a6 7. Bxc4 b5 8. Bd3 {White is slightly better.} Bb7 9. Nf3 Nd7 10. O-O Ngf6 11. Rc1 O-O {[#]} 12. Qc2 $146 ({Predecessor:} 12. h3 Rac8 13. Re1 g6 14. a3 c5 15. Be2 c4 16. b4 Rc7 17. Rb1 Ne4 18. Qc2 {½-½ (40) Johnsen,T-Storslett,R Norway 1997}) 12... c5 13. Ne4 Nxe4 14. Bxe4 Bxe4 15. Qxe4 cxd4 16. Rfd1 $36 {[%mdl 2048] White has the initiative.} Nf6 17. Qxd4 Qxd4 18. Rxd4 Rac8 19. Rdd1 h6 20. Kf1 Ne4 21. Ke2 Rfd8 22. Rxd8+ Rxd8 $14 {[%mdl 4096] Endgame KRN-KRN} 23. Rc6 Ra8 24. Nd2 (24. Ne5 $16) 24... Nf6 25. e4 Kf8 26. f3 Ke7 27. Nb3 Kd7 {[#]} (27... Nd7 $14) 28. Rc2 ({Better is} 28. Rxa6 $1 $16 {[%mdl 512]} Rxa6 29. Nc5+ {[%mdl 64] Double Attack} Kc7 30. Nxa6+ Kb6 31. Nb4) 28... Rc8 ({Black should try} 28... Ra7 $14) 29. Nc5+ (29. Rxc8 $16 Kxc8 30. Nc5) 29... Ke7 30. b4 (30. Kd3 $14 {keeps the upper hand.}) 30... Nd7 $17 31. Kd3 a5 $2 {[%mdl 8192] This move loses the game for Black.} (31... Nxc5+ $17 {keeps the pressure on.} 32. Rxc5 Rxc5 33. bxc5 e5) 32. Nxd7 $18 {[%mdl 64] Discovered Attack} Rxc2 $2 (32... Rd8 33. bxa5 Rxd7+ 34. Kc3 Rc7+ 35. Kb3 Rxc2 36. Kxc2 Kd6) 33. Kxc2 Kxd7 34. bxa5 {KP-KP} Kc7 35. Kb3 Kb7 36. Kb4 Ka6 37. e5 f6 38. exf6 gxf6 39. f4 (39. g4 $142 f5 40. h4 fxg4 41. fxg4 e5 42. g5 hxg5 43. hxg5 e4 44. g6) 39... e5 40. fxe5 {White mates.} fxe5 41. g4 e4 42. h4 e3 43. Kc3 Kxa5 44. g5 hxg5 45. hxg5 {KPP-KPP} e2 46. Kd2 Ka4 47. g6 Ka3 48. g7 Kxa2 49. g8=Q+ Ka3 50. Qa8+ Kb3 51. Kxe2 b4 52. Kd1 Kc3 53. Kc1 b3 54. Kb1 Kc4 55. Qa3 {Accuracy: White = 70%, Black = 49%.} 1-0

[Event "Stay Safe Play From Home 238"]
[Site "Emanuel Lasker Arena"]
[Date "2020.06.19"]
[Round "8"]
[White "Broken sword"]
[Black "Weltszmerc"]
[Result "1-0"]
[WhiteElo "2362"]
[BlackElo "2224"]
[Annotator "TA"]
[PlyCount "133"]
[EventDate "2020.06.19"]
[EventType "swiss (blitz)"]

{[%evp 10,133,2,0,2,0,12,8,4,0,6,0,18,25,22,0,33,18,20,0,21,19,27,27,26,21,26,26,31,11,22,-83,0,0,0,-16,0,0,0,0,0,0,0,0,0,0,2,0,16,0,14,0,4,-660,-663,-663,-648,-662,-661,-698,-689,-737,-709,-854,-845,-863,-850,-828,-629,-759,-653,-666,-655,-711,-690,-802,-777,-783,-768,-863,-863,-856,-848,-834,-762,-917,-826,-914,-903,-1210,-1189,-1126,-879,-898,0,-1058,-765,-747,-744,-701,-704,-819,-803,-1659,-1611,-29976,-5260,-29979,-29980,-29983,-29979,-29990,-29991,-29991,-29992,-29992,-29993,-29994,-29994,-29996,-29997,-29997,-29997,-29997,-29998,-29998]} 1. d4 Nf6 2. Nf3 b6 3. c3 Bb7 4. Bg5 e6 5. Nbd2 Be7 6. e3 O-O {A46: 1 d4 Nf6 2 Nf3 e6: Torre, London and Colle Systems.} 7. Bd3 d6 8. Qe2 Nbd7 {The position is equal.} 9. Ba6 Bxa6 10. Qxa6 {[#]} e5 $146 ({Predecessor:} 10... Nh5 11. Bxe7 Qxe7 12. Qb7 Nhf6 13. O-O Rfb8 14. Qa6 b5 15. c4 bxc4 16. Qxc4 c5 {½-½ (25) Strebkovs,A (2324)-Kearns,C (2158) Brno 2013}) 11. dxe5 Nxe5 12. O-O h6 13. Bxf6 Bxf6 14. Rfd1 Nxf3+ 15. Nxf3 Qe7 16. Rd2 g6 17. Rad1 Bg7 18. a4 Rfe8 19. g3 Qe4 20. Qe2 (20. Ne1 $11 {remains equal.}) 20... a5 ({Better is} 20... Qxa4 $17 21. Nd4 Re5) 21. Ra1 $11 Re7 22. Ne1 Qe6 23. Qd3 h5 24. Qd5 Qxd5 (24... Rd8 {seems wilder.} 25. Qxe6 fxe6 26. Nf3 e5 27. h4 e4) 25. Rxd5 Rae8 26. Nf3 Re6 27. Kg2 Bf6 28. h3 Kg7 29. Rd3 Re4 30. b3 (30. h4 {with more complications.} Rg4 31. Kh3 Rge4 32. Nd2 R4e6 33. e4) 30... R4e6 31. c4 $2 {[%mdl 8192]} (31. Nd4 $11) 31... Bxa1 $19 32. Rd1 Bf6 33. Rd3 g5 34. Nd2 Kg6 35. Kf3 Kf5 36. h4 g4+ 37. Kg2 Kg6 38. Nb1 Be7 39. Na3 Re5 40. Nb5 Rxb5 41. axb5 {[%mdl 4096] Endgame KRB-KR} Bf6 42. Rd5 Re5 43. Rd3 Rc5 44. Kf1 {[#]} a4 $1 45. bxa4 Rxc4 46. Ra3 Rb4 47. Ke2 Bb2 48. Ra2 Be5 49. Ra3 Rb2+ 50. Kf1 Rb1+ 51. Kg2 Rb2 52. Kf1 $1 d5 53. Rd3 {[#]} d4 $1 54. exd4 Bd6 55. Rc3 Rb4 56. a5 bxa5 57. d5 Rxb5 (57... a4 $142 58. Rc6 a3 59. Ra6 Rb2 60. Ra7 {[#]} Rxf2+ $1 {[%mdl 512]} 61. Kg1 Bc5 62. Ra8 a2 63. b6 Rf3+ 64. Kg2 Ba3 65. Rg8+ Kf6 66. Rh8 a1=Q 67. Rh6+ Kg7 68. Rh7+ Kxh7 69. bxc7 Qf1+ 70. Kh2 Rf2#) 58. Rd3 a4 {Black mates.} 59. Ke2 a3 60. f3 a2 61. Rd1 Rb1 62. fxg4 a1=Q 63. gxh5+ Kxh5 64. Rd2 Qe5+ {[%mdl 64] Double Attack} 65. Kf3 Re1 {[%csl Gd6][%cal Re5g3]} 66. g4+ Kxh4 {[%csl Gd6,Gh4][%cal Re5g3]} 67. Rh2+ {[%mdl 32768] Accuracy: White = 64%, Black = 90%. . Loss on time!?} 1-0

[Event "Stay Safe Play From Home 238"]
[Site "Emanuel Lasker Arena"]
[Date "2020.06.19"]
[Round "8"]
[White "MarkonY"]
[Black "Bishop91"]
[Result "1-0"]
[WhiteElo "2341"]
[BlackElo "1675"]
[Annotator "NA RC"]
[PlyCount "53"]
[EventDate "2020.06.19"]
[EventType "swiss (blitz)"]

1. d3 {[%emt 0:00:01]} d5 {[%emt 0:00:02]} 2. Nf3 {[%emt 0:00:00]} c5 {[%emt 0:00:02]} 3. g3 {[%emt 0:00:00]} Nc6 {[%emt 0:00:01]} 4. Bg2 {[%emt 0:00:00]} Bg4 {[%emt 0:00:02]} 5. O-O {[%emt 0:00:00]} e6 {[%emt 0:00:01]} 6. Nbd2 {[%emt 0:00:01]} Nf6 {[%emt 0:00:01]} 7. b3 {[%emt 0:00:00]} Be7 {[%emt 0:00:00]} 8. Bb2 {[%emt 0:00:00]} O-O {[%emt 0:00:01]} 9. a3 {[%emt 0:00:00]} d4 {[%emt 0:00:05]} 10. c4 {[%emt 0:00:01]} e5 {[%emt 0:00:02]} 11. Rb1 {[%emt 0:00:01]} Nd7 {[%emt 0:00:03]} 12. h3 {[%emt 0:00:01]} b6 {[%emt 0:00:00]} 13. hxg4 {[%emt 0:00:01]} f5 {[%emt 0:00:01]} 14. gxf5 {[%emt 0:00:01]} Rxf5 {[%emt 0:00:00]} 15. b4 {[%emt 0:00:02]} cxb4 {[%emt 0:00:03]} 16. axb4 {[%emt 0:00:00]} Nxb4 {[%emt 0:00:01]} 17. Ba3 {[%emt 0:00:00]} a5 {[%emt 0:00:01]} 18. Bxb4 {[%emt 0:00:01]} Bxb4 {[%emt 0:00:00]} 19. Nh4 {[%emt 0:00:02]} Rh5 {[%emt 0:00:03]} 20. Bxa8 {[%emt 0:00:01]} Qxa8 {[%emt 0:00:02]} 21. Ne4 {[%emt 0:00:01]} Nc5 {[%emt 0:00:03]} 22. Nf3 {[%emt 0:00:04]} Nxe4 {[%emt 0:00:03]} 23. dxe4 {[%emt 0:00:00]} Qxe4 {[%emt 0:00:01]} 24. Kg2 {[%emt 0:00:01]} Rh6 {[%emt 0:00:03]} 25. Qd3 {[%emt 0:00:01]} Rf6 {[%emt 0:00:00]} 26. Qxe4 {[%emt 0:00:01]} Bc3 {[%emt 0:00:01]} 27. Nxe5 {[%emt 0:00:03] Bishop91 resigns (Lag: Av=0.34s, max=0.7s)} 1-0